000 01018nam0a22002291 4500
001 rc\618228
005 20250621184404.0
035 _a(NLR Aleph) 005861319
090 _a5881716
_c5881716
100 _a20031121d1986 |||y0rusy50 ca
101 0 _arus
102 _aRU
105 _aa |||||||||
200 1 _aСправочные материалы и определение понятий, применяемых при расследовании дорожно-транспортных происшествий
_eМетод. пособие
_fПрокуратура СССР, Ин-т усоверш. следств. работников
210 _aЛ.
_cИн-т усоверш. следств. работников
_d1986
215 _a23 с., [1] л. табл.
_cил.
_d22
700 1 _7ca
_8rus
_aБоровский
_bБ. Е.
_f1908-
_gБорис Евстафьевич
_9227262
_3RU\NLR\AUTH\770227318
801 0 _aRU
_bNLR
_gpsbo
801 1 _aRU
_bELAR
_2rusmarc
852 _aNLR
_j87-4/4885
942 _cBOOK
980 _aNB